000 00695nam a2200241Ia 4500
005 20260430150641.0
008 008 250103s9999 xx 000 0 eng d
037 _aTheses
040 _aCRL
040 _beng
040 _ceng
041 _2eng
041 _aeng
084 _qCRL
100 _aRahul Kumar Au.; Das Debadyuti Gu.
_91238110
245 0 _aDistribution Network Design in Public Health for Essential Medicines: Lessons from the Select Indian States
260 _c2024
300 _a257p.
650 _aManagement
700 _aUniversity of Delhi. Faculty of Management Studies. Deptt. of Management Studies
_91236312
942 _cTH
999 _c1850302
_d1850302